000 00629nam a22002297a 4500
003 BCEG
005 20260122113028.0
008 260122s1987 sp|||||| |||| 00| 0 spa d
020 _a8434548437
040 _aBCEG
_bspa
_cBCEG
082 0 4 _aU863.4
_bC761i
100 1 _aConteris, Hiber,
_d1933-2020.
245 1 0 _aInformación sobre la ruta 1.
246 1 2 _aInformación sobre la ruta uno.
260 _aNavarra, España :
_bSalvat,
_c1987.
300 _a256 p.
490 _aLetras de Oro.
541 _aDonación.
586 _aPremio "Letras de Oro", Cuento, 1986-1987.
650 1 4 _aCuentos uruguayos.
942 _cBK
999 _c437044
_d437044